Catálogo público

Efecto de los de los niveles de álcali en el color de harina y tortilla de maíz (Zea mays L.) con pigmentos antociano y estabilidad de antocianinas durante su almacenamiento / (Record no. 219182)

MARC details
000 -CABECERA
campo de control de longitud fija 01718nam a2200385 a 4500
003 - IDENTIFICADOR DEL NÚMERO DE CONTROL
campo de control CHAP
005 - FECHA Y HORA DE LA ÚLTIMA TRANSACCIÓN
campo de control 20240830133432.0
007 - CAMPO FIJO DE DESCRIPCIÓN FÍSICA--INFORMACIÓN GENERAL
campo de control de longitud fija ta
008 - DATOS DE LONGITUD FIJA--INFORMACIÓN GENERAL
campo de control de longitud fija 230927s2021 mx ado|fom||| 001 0 spa d
040 ## - FUENTE DE LA CATALOGACIÓN
Normas de descripción rda
041 ## - CÓDIGO DE LENGUA
Código de lengua del texto/banda sonora o título independiente spa
100 1# - ENTRADA PRINCIPAL--NOMBRE DE PERSONA
9 (RLIN) 188022
Nombre de persona Gutiérrez Llanos, María Margarita
245 10 - MENCIÓN DE TÍTULO
Título Efecto de los de los niveles de álcali en el color de harina y tortilla de maíz (Zea mays L.) con pigmentos antociano y estabilidad de antocianinas durante su almacenamiento /
Mención de responsabilidad, etc. María Margarita Gutiérrez Llanos
264 ## - PRODUCCIÓN, PUBLICACIÓN, DISTRIBUCIÓN, FABRICACIÓN Y COPYRIGHT
Producción, publicación, distribución, fabricación y copyright Chapingo, México :
Nombre del de productor, editor, distribuidor, fabricante El autor,
Fecha de producción, publicación, distribución, fabricación o copyright 2021
300 ## - DESCRIPCIÓN FÍSICA
Extensión 1 recurso en línea (77 páginas) :
Otras características físicas ilustraciones, gráficas, fotos, tablas
336 ## - TIPO DE CONTENIDO
Fuente rdacontent
Término de tipo de contenido texto
Código de tipo de contenido txt
337 ## - TIPO DE MEDIO
Fuente rdamedia
Nombre/término del tipo de medio computadora
Código del tipo de medio c
338 ## - TIPO DE SOPORTE
Fuente rdacarrier
Nombre/término del tipo de soporte recurso en línea
Código del tipo de soporte cr
502 ## - NOTA DE TESIS
Nota de tesis Tesis
Tipo de título (Ingeniero Agroindustrial) --
Nombre de la institución que otorga el título Departamento de Ingeniería Agroindustrial,
Año de obtención del título 2021
Información miscelánea Licenciatura
504 ## - NOTA DE BIBLIOGRAFÍA, ETC.
Nota de bibliografía, etc. Bibliografía: páginas 65-75
650 13 - PUNTO DE ACCESO ADICIONAL DE MATERIA--TÉRMINO DE MATERIA
9 (RLIN) 145282
Término de materia o nombre geográfico como elemento de entrada Zea mays
Fuente del encabezamiento o término atg
650 13 - PUNTO DE ACCESO ADICIONAL DE MATERIA--TÉRMINO DE MATERIA
9 (RLIN) 70848
Término de materia o nombre geográfico como elemento de entrada Maíz
Subdivisión general Tortillas (mexicanas)
Fuente del encabezamiento o término atg
650 13 - PUNTO DE ACCESO ADICIONAL DE MATERIA--TÉRMINO DE MATERIA
9 (RLIN) 70848
Término de materia o nombre geográfico como elemento de entrada Maíz
Subdivisión general Almacenamiento
Fuente del encabezamiento o término atg
650 13 - PUNTO DE ACCESO ADICIONAL DE MATERIA--TÉRMINO DE MATERIA
9 (RLIN) 70848
Término de materia o nombre geográfico como elemento de entrada Maíz
Subdivisión general Propiedades fisicoquímicas
Fuente del encabezamiento o término atg
650 13 - PUNTO DE ACCESO ADICIONAL DE MATERIA--TÉRMINO DE MATERIA
9 (RLIN) 52713
Término de materia o nombre geográfico como elemento de entrada Harina de maíz
Subdivisión general Antocianinas
Fuente del encabezamiento o término atg
650 13 - PUNTO DE ACCESO ADICIONAL DE MATERIA--TÉRMINO DE MATERIA
9 (RLIN) 147463
Término de materia o nombre geográfico como elemento de entrada Corn
Subdivisión general Tortillas
Fuente del encabezamiento o término atg
650 13 - PUNTO DE ACCESO ADICIONAL DE MATERIA--TÉRMINO DE MATERIA
9 (RLIN) 147463
Término de materia o nombre geográfico como elemento de entrada Corn
Subdivisión general Storage
Fuente del encabezamiento o término atg
650 13 - PUNTO DE ACCESO ADICIONAL DE MATERIA--TÉRMINO DE MATERIA
9 (RLIN) 147463
Término de materia o nombre geográfico como elemento de entrada Corn
Subdivisión general Physicochemical properties
Fuente del encabezamiento o término atg
650 13 - PUNTO DE ACCESO ADICIONAL DE MATERIA--TÉRMINO DE MATERIA
9 (RLIN) 152681
Término de materia o nombre geográfico como elemento de entrada Corn flour
Subdivisión general Anthocyanins
Fuente del encabezamiento o término atg
700 1# - PUNTO DE ACCESO ADICIONAL--NOMBRE DE PERSONA
Nombre de persona Salinas Moreno, Yolanda
Término indicativo de función/relación directora
9 (RLIN) 101683
700 1# - PUNTO DE ACCESO ADICIONAL--NOMBRE DE PERSONA
9 (RLIN) 163005
Nombre de persona Alemán de la Torre, Ivón
Término indicativo de función/relación asesora
700 1# - PUNTO DE ACCESO ADICIONAL--NOMBRE DE PERSONA
9 (RLIN) 150532
Nombre de persona Buendía González, María Ofelia
Término indicativo de función/relación asesora
856 40 - LOCALIZACIÓN Y ACCESO ELECTRÓNICOS
Texto de enlace DESCARGAR PDF
Identificador Uniforme del Recurso http://10.13.5.2/tesis/tl/1511015-5_Gutierrez__Llanos_Maria_Margarita.pdf
942 ## - ELEMENTOS DE PUNTO DE ACCESO ADICIONAL (KOHA)
Fuente del sistema de clasificación o colocación Clasificación Universidad Autónoma Chapingo
Tipo de ítem Koha Tesis digital
Holdings
Estado de retiro Estado de pérdida Fuente del sistema de clasificación o colocación Estado dañado No para préstamo Código de colección Localización permanente Ubicación/localización actual Ubicación en estantería Fecha de adquisición Fuente de adquisición Total de préstamos Código de barras Fecha visto por última vez Precio válido a partir de Tipo de ítem Koha Restricciones de uso Signatura topográfica completa
    Clasificación Universidad Autónoma de Chapingo     Tesis digitales de Licenciatura Biblioteca Digital Biblioteca Digital En línea 02/02/2024 El autor   1301013780 02/02/2024 02/02/2024 Tesis digital Préstamo interno Tesis digital
    Clasificación Universidad Autónoma de Chapingo     Tesis digitales de Licenciatura Ingenieria Agroindustrial Ingenieria Agroindustrial En línea 27/09/2023 El autor   1201013780 27/09/2023 27/09/2023 Tesis digital